000 00317nam a2200145Ia 4500
003 OSt
005 20240304123400.0
008 170524s9999 xx 000 0 und d
020 _a978-9352607754
040 _cIIMT UINVERSITY
100 _aKhan MY
245 0 _aFinancial Services
260 _aTMH
942 _2ddc
_c01
999 _c3143
_d3143